| 000 | 00839nam a2200241 i 4500 | ||
|---|---|---|---|
| 003 | DO-SdBNP | ||
| 005 | 20230614124124.0 | ||
| 007 | ta | ||
| 008 | 230614b2017 dr abc|| |||| 00| 0 spa d | ||
| 040 |
_aDO-SdBNP _bspa _cBNPHU _erda |
||
| 082 | 4 | _222 | |
| 245 | 0 | 0 |
_aHistoria de la aviación civil en la República Dominicana 1900-1961 / _cprólogo, Alejandro Herrera Rodríguez |
| 264 |
_aSanto Domingo : _bIDAC, _c2017 |
||
| 300 |
_a340 páginas : _bilustraciones, mapa, retratos ; _c20 cm. |
||
| 336 |
_2rdacontent _atexto _btxt |
||
| 337 |
_2rdamedia _asin mediación _bn |
||
| 338 |
_2rdacarrier _avolumen _bnc |
||
| 500 | _aIncluye referencias bibliográficas y notas al pie de las páginas | ||
| 590 | _aInventariado, 2023/BT | ||
| 700 | 1 |
_aHerrera Rodríguez, Alejandro, _eprólogo _983543 |
|
| 910 | _aBtavárez | ||
| 942 |
_2ddc _cLBS1 |
||
| 999 |
_c53824 _d53824 |
||